Andrew Jackson, (Record no. 123550)
[ view plain ]
| 000 -LEADER | |
|---|---|
| fixed length control field | 00733cam a2200241 4500 |
| 001 - CONTROL NUMBER | |
| control field | 1189708 |
| 005 - DATE AND TIME OF LATEST TRANSACTION | |
| control field | 20151020144750.0 |
| 008 - FIXED-LENGTH DATA ELEMENTS--GENERAL INFORMATION | |
| fixed length control field | 720203s1927 nyucf 000 0beng |
| 010 ## - LIBRARY OF CONGRESS CONTROL NUMBER | |
| LC control number | 27021314 |
| 035 ## - SYSTEM CONTROL NUMBER | |
| System control number | (OCoLC)ocm00232739 |
| 035 ## - SYSTEM CONTROL NUMBER | |
| System control number | (NNC)1189708 |
| 040 ## - CATALOGING SOURCE | |
| Original cataloging agency | DLC |
| Transcribing agency | DLC |
| Modifying agency | m.c. |
| -- | SER |
| -- | OCL |
| -- | ZCU |
| 050 0# - LIBRARY OF CONGRESS CALL NUMBER | |
| Classification number | E382 |
| Item number | .J64 1956 |
| 100 1# - MAIN ENTRY--PERSONAL NAME | |
| Personal name | Johnson, Gerald White. |
| Fuller form of name | (Gerald White), |
| Dates associated with a name | 1890-1980. |
| 9 (RLIN) | 20352 |
| 245 10 - TITLE STATEMENT | |
| Title | Andrew Jackson, |
| Remainder of title | an epic in homespun |
| Statement of responsibility, etc | [by] Gerald W. Johnson ... |
| 260 ## - PUBLICATION, DISTRIBUTION, ETC. (IMPRINT) | |
| Place of publication, distribution, etc | New York, |
| Name of publisher, distributor, etc | Bantam |
| Date of publication, distribution, etc | 1956 |
| 300 ## - PHYSICAL DESCRIPTION | |
| Extent | 244p. ; |
| Dimensions | 18 cm. |
| 440 ## - SERIES STATEMENT/ADDED ENTRY--TITLE | |
| Title | Bantam biographies |
| 9 (RLIN) | 20353 |
| 600 10 - SUBJECT ADDED ENTRY--PERSONAL NAME | |
| Personal name | Jackson, Andrew, |
| 9 (RLIN) | 20354 |
| 942 ## - ADDED ENTRY ELEMENTS (KOHA) | |
| Source of classification or shelving scheme | Library of Congress Classification |
| Item type | Monograph ( Printed materials) |
| 948 2# - LOCAL PROCESSING INFORMATION (OCLC); SERIES PART DESIGNATOR (RLIN) | |
| Series part designator, SPT (RLIN) | 20101210 |
| b (OCLC) | a |
| c (OCLC) | scmc3 |
| d (OCLC) | SCMC |
| Withdrawn status | Lost status | Source of classification or shelving scheme | Damaged status | Not for loan | Collection code | Home library | Current library | Shelving location | Date acquired | Total Checkouts | Full call number | Barcode | Date last seen | Price effective from | Koha item type |
|---|---|---|---|---|---|---|---|---|---|---|---|---|---|---|---|
| Library of Congress Classification | Main Collection | ARRUPE LIBRARY | ARRUPE LIBRARY | Main Collection | 20/10/2015 | E382 .J64 1956 | 46500005444 | 13/12/2017 | 20/10/2015 | Monograph ( Printed materials) |